El conejito azul va a la escuela

Đã lưu trong:
Chi tiết về thư mục
Tác giả chính: Thomas, J (Tác giả)
Định dạng: Sách
Ngôn ngữ:Tiếng Tây Ban Nha
Được phát hành: Ciudad de México Ediciones Hemma 1991
Loạt:Colección el Conejito Azul
Những chủ đề:
Các nhãn: Thêm thẻ
Không có thẻ, Là người đầu tiên thẻ bản ghi này!

MARC

LEADER 00000nam a2200000 a 4500
001 UCZ1344
003 CL-VaPUC
005 20250318151652.0
008 950817e19910000MX |||||||||||||||||spa|d
999 |c 238099  |d 238097 
040 |c Pontificia Universidad Católica de Valparaíso 
082 0 4 |a 808.068  |b THO  |2 21 
100 0 |a Thomas, J  |e author  |9 344899 
245 1 3 |a El conejito azul va a la escuela 
260 |a Ciudad de México  |b Ediciones Hemma  |c 1991 
300 |a 16 p 
490 0 |a Colección el Conejito Azul 
583 |a last modification  |c 19950817 00:00:00  |k Rodrigo Vera 
650 0 |a Literatura infantil   |9 307465  |x Cuentos 
942 |c BK  |2 ddc 
945 |d 19950817 00:00:00  |a rbrito 
952 |0 0  |1 0  |4 0  |6 808_068000000000000_THO_1991  |7 0  |8 A  |9 248089  |a BIBEDU  |b BIBEDU  |d 2019-11-18  |i 3117944  |o 808.068 THO 1991  |p 3117944  |r 2019-11-18  |w 2019-11-18  |y BK  |k EPE